Le vieux commodore / (Record no. 158842)

MARC details
000 -LEADER
campo de control de longitud fija 00825nam a2200229 i 4500
001 - NÚMERO DE CONTROL
campo de control 158842
003 - IDENTIFICADOR DE NÚMERO DE CONTROL
campo de control ES-MaACL
005 - FECHA Y HORA DE LA ÚLTIMA TRANSACCIÓN
campo de control 20251002203457.0
008 - DATOS DE LONGITUD FIJA--INFORMACIÓN GENERAL
campo de control de longitud fija 040906q18501900fr |||| | fre d
040 ## - FUENTE DE CATALOGACIÓN
Centro catalogador/agencia de origen CAM
Lengua de catalogación spa
Centro/agencia transcriptor CAM
100 1# - ENTRADA PRINCIPAL--NOMBRE DE PERSONA
Nombre de persona Marryat, Frederick.
9 (RLIN) 188175
245 13 - MENCIÓN DEL TÍTULO
Título Le vieux commodore /
Mención de responsabilidad, etc. par le capitaine Marryat ; traduction de La Bédollière.
260 ## - PUBLICACIÓN, DISTRIBUCIÓN, ETC.
Lugar de publicación, distribución, etc. Paris :
Nombre del editor, distribuidor, etc. Gve. Barba,
Fecha de publicación, distribución, etc. [s.a.] (
Fabricante Plon frères)
300 ## - DESCRIPCIÓN FÍSICA
Extensión 64 p. ;
Dimensiones 31 cm.
490 1# - MENCIÓN DE SERIE
Mención de serie Romains populaires illustrés
594 ## - Nota al título y mención de responsabilidad
Nota al título y mención de responsabilidad Datos tomados de la primera página del texto.
596 ## - NOTA AL PIE DE IMPRENTA
NOTA AL PIE DE IMPRENTA Impreso ca. a mediados del s. XIX.
700 1# - ENTRADA AGREGADA--NOMBRE PERSONAL
Nombre de persona La Bédollière, Émile de,
Fechas asociadas al nombre 1812-1883
9 (RLIN) 152767
830 0# - PUNTO DE ACCESO ADICIONAL DE SERIE-TÍTULO UNIFORME
Título uniforme Romains populaires illustrés
9 (RLIN) 221892
852 ## - LOCALIZACIÓN
Ubicación ES-MaACL
Número de control de estantería R-1705(4)
Nota libre -- Enc. hol., sin portada
Holdings
Estatus retirado Estado de pérdida Estado de daño No para préstamo Biblioteca de origen Biblioteca actual Ubicación en estantería Fecha de adquisición Total de préstamos Signatura topográfica completa Código de barras Visto por última vez Precio de reemplazo Tipo de ítem Koha
        Biblioteca del Ateneo de Madrid Biblioteca del Ateneo de Madrid Depósito 17/01/2008   R-1705(4) 1166256 23/02/2023 23/02/2023 Libro impreso